2017 Champions League Final Juventus - Real Madrid - Statistics

General Stats
  • This quiz has been taken 3,727 times
  • The average score is 23 of 30
Answer Stats
Player % Correct
Cristiano Ronaldo ²
97%
Gianluigi Buffon
96%
Karim Benzema
95%
Luka Modrić
95%
Sergio Ramos
94%
Casemiro ¹
93%
Toni Kroos
93%
Dani Carvajal
92%
Giorgio Chiellini
92%
Keylor Navas
92%
Marcelo
92%
Leonardo Bonucci
91%
Gareth Bale
90%
Raphaël Varane
88%
Zinedine Zidane
87%
Mario Mandžukić ¹
83%
Paulo Dybala
82%
Isco
78%
Marco Asensio ¹
74%
Gonzalo Higuaín
71%
Andrea Barzagli
69%
Massimiliano Allegri
67%
Juan Cuadrado
64%
Alex Sandro
61%
Álvaro Morata
51%
Claudio Marchisio
51%
Miralem Pjanić
48%
Dani Alves
46%
Sami Khedira
46%
Mario Lemina
15%
No matching quizzes found
Score Distribution
Percent of People with Each Score
Percentile by Number Answered
Your Score History
You have not taken this quiz